MARC

LEADER 00000nam0a2200000 4500
001 209602
005 20231101225543.0
010 |a 9780007206827 
035 |a (RuTPU)RU\TPU\book\228941 
090 |a 209602 
100 |a 20120214d2006 m y0engy50 ba 
101 0 |a eng 
102 |a GB 
105 |a a z 001zy 
200 1 |a First-time gardener  |f K. Wilde 
210 |a London  |c Collins  |d 2006 
215 |a 224 p.  |c il. 
320 |a Glossary: p. 218-219. 
320 |a Index: p. 220-223. 
606 1 |a Садово-парковая архитектура  |2 stltpush  |3 (RuTPU)RU\TPU\subj\53571  |9 71740 
610 1 |a ландшафтная архитектура 
610 1 |a сады 
610 1 |a почва 
610 1 |a климат 
610 1 |a растения 
610 1 |a планирование 
610 1 |a посадка 
610 1 |a ландшафтный дизайн 
610 1 |a английский язык 
675 |a 712.2  |v 3 
700 1 |a Wilde  |b K.  |g Kim 
801 1 |a RU  |b 63413507  |c 20120214 
801 2 |a RU  |b 63413507  |c 20150211  |g RCR 
942 |c BK